000 01116nam a22003257a 4500
003 CHAP
005 20220329143302.0
008 080130d2004 es a r 00110 spa d
010 _a94405
011 _a95377
020 _a8484761509
035 _a106000
040 _cCHAP
082 0 4 _a639.3084
_bG8
100 1 _aGuillaume, J.
_951367
245 1 0 _aNutrición y alimentación de peces y crustáceos
_c/por J. Guillaume [y otros]
260 _aMadrid :
_bMundi-Prensa,
_c2004
300 _a475 p. :
_bilus. ; gráfs. ; tablas ; diagramas
500 _aTrad. de : Nutrition et alimentation des poissons et crustacès, c2002.
590 _aBATCH-UPD
_b10
_c20130110
_lUCH01
_h0625
590 _aBATCH-UPD
_b10
_c20130410
_lUCH01
_h0308
590 _aBATCH-UPD
_b10
_c20130914
_lUCH01
_h1105
590 _aCONVERSION
_b10
_c20130109
_lUCH01
_h1352
650 1 4 _aCrustáceos
_xAlimentación.
_929268
650 1 4 _aPeces
_xAlimentación.
_986442
650 1 4 _aPeces
_xNutrición.
_986457
901 _aBK
942 _cLIBRO
949 _a639.3084 G8
_bBC
_cLIBRO
_d33724002050157
_eLIBRO
_gI.c/e
_h109137
_i106000
_si
_t$966.00
999 _c94405
_d94405